000 00447nam a2200181Ia 4500
001 18065
005 20260306171603.0
008 260306s9999||||xx |||||||||||||| ||und||
041 _aESP
082 _a658.4
_bK22
100 _aKaplan, Robert S.
_eAUT
245 0 _aEl cuadro de mando integral:
_bthe balanced scorecard
260 _c2000
300 _a321 páginas :
_c23 cm.
650 _aGEN
654 _aCAN
942 _cLIB
_dJUS
_fJUS
_2ddc
_n
999 _c18065
_d18065